Modern-Day US States of the Republic of Texas with a Map - Statistics

General Stats
  • This quiz has been taken 513 times
  • The average score is 6 of 6
Answers on the Map
Answers color-coded by a green-red scale on the quiz's map according to % correct below.
 
Answer Stats
States % Correct
Texas
100%
New Mexico
98%
Oklahoma
96%
Colorado
95%
Kansas
92%
Wyoming
90%
No matching quizzes found
Score Distribution
Percent of People with Each Score
Percentile by Number Answered
Your Score History
You have not taken this quiz